Dead man walking /

"Ishmael Jones is called in to solve the mystery of a rogue secret agent who came in from the cold to spill all he knew, only to end up murdered in detention. Then his body goes missing. Then other people start dying. Has the murdered agent risen from the dead to get his revenge? How can all th...

Full description

Bibliographic Details
Main Author: Green, Simon R., 1955- (Author)
Format: Book
Language:English
Published: Riverdale, NY : Baen Books, [2023]
Series:Green, Simon R., 1955- Ishmael Jones mystery ; 2.
Subjects:

MARC

Tag First Indicator Second Indicator Subfields
LEADER 00000cam a22000008i 4500
001 in00004791908
008 221024t20232016nyu 000 1 eng
005 20240530171948.4
010 |a  2022050407 
035 |a (OCoLC)on1352871208 
040 |a DLC  |b eng  |e rda  |c DLC  |d UKMGB  |d OCLCF  |d BDX  |d NYP  |d ZGH  |d OCLCO  |d OCLCL 
015 |a GBC2L9947  |2 bnb 
016 7 |a 020832874  |2 Uk 
019 |a 1378910810 
020 |a 9781982192433  |q (trade paperback) 
020 |a 1982192437 
020 |z 9781625799012  |q (ebook) 
035 |a (OCoLC)1352871208  |z (OCoLC)1378910810 
042 |a pcc 
050 0 0 |a PR6107.R44  |b D42 2023 
082 0 0 |a 823/.92  |2 23/eng/20221024 
100 1 |a Green, Simon R.,  |d 1955-  |e author. 
245 1 0 |a Dead man walking /  |c Simon R. Green. 
263 |a 2302 
264 1 |a Riverdale, NY :  |b Baen Books,  |c [2023] 
264 4 |c ©2016 
300 |a 248 pages ;  |c 24 cm. 
336 |a text  |b txt  |2 rdacontent 
337 |a unmediated  |b n  |2 rdamedia 
338 |a volume  |b nc  |2 rdacarrier 
490 1 |a Ishmael Jones mystery ;  |v 2 
500 |a Accession # 2024_0016. 
500 |a Donated by Hal W. Hall. 
520 |a "Ishmael Jones is called in to solve the mystery of a rogue secret agent who came in from the cold to spill all he knew, only to end up murdered in detention. Then his body goes missing. Then other people start dying. Has the murdered agent risen from the dead to get his revenge? How can all this be happening in one of the most secure interrogation centers? As Ishmael and his partner Penny dig deeper into what's really going on, secrets are revealed and horrors are uncovered, but so many people are dying they have to wonder if anyone will be left to reveal the answer to"--  |c Provided by publisher. 
650 0 |a Murder  |v Fiction. 
650 0 |a Private investigators  |v Fiction. 
650 6 |a Meurtre  |v Romans, nouvelles, etc. 
650 6 |a Détectives  |v Romans, nouvelles, etc. 
650 7 |a Spy stories  |2 fast 
655 0 |a Detective and mystery stories. 
655 7 |a Detective and mystery fiction  |2 fast 
655 7 |a Novels  |2 fast 
655 7 |a Detective and mystery fiction.  |2 lcgft 
655 7 |a Paranormal fiction.  |2 lcgft 
655 7 |a Novels.  |2 lcgft 
655 7 |a Romans.  |2 rvmgf 
758 |i has work:  |a Dead man walking (Text)  |1 https://id.oclc.org/worldcat/entity/E39PCGVpPXBJymDrGj3GRWdmV3  |4 https://id.oclc.org/worldcat/ontology/hasWork 
776 0 8 |i Online version:  |a Green, Simon R., 1955-  |t Dead man walking  |d Riverdale, NY : Baen Books, [2023]  |z 9781625799012  |w (DLC) 2022050408 
800 1 |a Green, Simon R.,  |d 1955-  |t Ishmael Jones mystery ;  |v 2. 
938 |a Brodart  |b BROD  |n 132722615 
029 1 |a UKMGB  |b 020832874 
994 |a Z0  |b TXA 
948 |h HELD BY TXA - 13 OTHER HOLDINGS 
999 f f |s 8254500a-e88b-403b-b157-5e3b9cd31add  |i d434e29a-6021-4247-87fe-2964adcea237  |t 0 
952 f f |p noncirc  |a Texas A&M University  |b College Station  |c Cushing Memorial Library & Archives  |d Cushing: Science Fiction (Does not check out)  |t 0  |e PR6107 R44 D42 2023  |h Library of Congress classification  |i unmediated -- volume  |m A14853251927 
998 f f |a PR6107 R44 D42 2023  |t 0  |l Cushing: Science Fiction (Does not check out)